Online Catalogue and eLibrary

Rajamawatha : (Record no. 1040)

MARC details
000 -LEADER
fixed length control field 00427nam a2200157Ia 4500
005 - DATE AND TIME OF LATEST TRANSACTION
control field 20250519022643.0
008 - FIXED-LENGTH DATA ELEMENTS--GENERAL INFORMATION
fixed length control field 240331s9999 xx 000 0 und d
020 ## - INTERNATIONAL STANDARD BOOK NUMBER
ISBN 9559580019
082 ## - DDC Classification
Class No. 301
Item Number - Author Mark SOO
100 ## - MAIN ENTRY--PERSONAL NAME
Personal name Sooriyapperuma, J.R.P
245 #0 - TITLE STATEMENT
Title Rajamawatha :
Remainder of title 21vana siyawasata perawadanak
260 ## - PUBLICATION, DISTRIBUTION, ETC.
Place of publication, distribution, etc. Colombo
Name of publisher, distributor, etc. Dayawansa jayakody & sons
Date of publication, distribution, etc. 1995
300 ## - PHYSICAL DESCRIPTION
Extent (e.g. Volumes, Pages etc.) 154 p .,
500 ## - GENERAL NOTE
General note Kings Street - 2nd Part
942 ## - Koha item type (Biblio)
Koha item type Books in Stacks (Lending)
Holdings
Lost status Damaged status Collection code Home library Current library Shelving location Date acquired Full call number Accession Number Item type
    Lending WERC Library WERC Library Social Science Cupboard 03/31/2024 301 SOO 3839 Books in Stacks (Lending)

© WERC Library